Vinárstvo
Gespeichert in:
| 1. Verfasser: | |
|---|---|
| Weitere Verfasser: | |
| Format: | Manuskript Buch |
| Sprache: | Slowakisch |
| Veröffentlicht: |
2020
|
| Schlagworte: | |
| Online-Zugang: | http://is.stuba.sk/zp/portal_zp.pl?podrobnosti=152408 https://opac.crzp.sk/?fn=detailBiblioForm&sid=EAE7EF6B68A1C52648C61346D593 |
| Tags: |
Keine Tags, Fügen Sie das erste Tag hinzu!
|
MARC
| LEADER | 00000ntm a22000003a 4500 | ||
|---|---|---|---|
| 001 | stuzp72688 | ||
| 003 | SK-STU | ||
| 005 | 20230522133650.0 | ||
| 007 | ta | ||
| 008 | 150427s2015----xo-----f-mn---000-0-slo-d | ||
| 040 | |a STU |b slo | ||
| 041 | 0 | |a slo | |
| 100 | 1 | |a Reviľak, Vasil |u 010310 |4 aut |U SvF Stavebná fakulta |T SvF Katedra architektúry |X 55243 |U V181|V310 |Y 19 |7 55243 | |
| 242 | 0 | 1 | |a The Winery |y eng |
| 245 | 1 | 0 | |a Vinárstvo |
| 260 | |c 2020 | ||
| 650 | 4 | |a vinárstvo |2 slo | |
| 650 | 4 | |a vinohradníctvo |2 slo | |
| 650 | 4 | |a gravitačná výroba |2 slo | |
| 650 | 4 | |a vinič |2 slo | |
| 650 | 4 | |a degustácia |2 slo | |
| 650 | 4 | |a archív |2 slo | |
| 650 | 4 | |a viticulture |2 eng | |
| 650 | 4 | |a winery |2 eng | |
| 650 | 4 | |a gravitational production |2 eng | |
| 650 | 4 | |a wine |2 eng | |
| 650 | 4 | |a archive |2 eng | |
| 650 | 4 | |a tasting |2 eng | |
| 700 | 1 | |a Mellner, Dušan |u 010310 |k Z1 |4 ths |U SvF Stavebná fakulta |T SvF Katedra architektúry |X 5310 |U V181|V310 |Y 19 |7 5310 | |
| 856 | 4 | |u http://is.stuba.sk/zp/portal_zp.pl?podrobnosti=152408 | |
| 856 | 4 | |u https://opac.crzp.sk/?fn=detailBiblioForm&sid=EAE7EF6B68A1C52648C61346D593 | |